7. smyčcový kvartet (půltónový), op. 73 hlasy /

Hlavní autor: Hába, Alois, 1893-1973
Jazyk: Nelze použít, není lingvistický obsah
Vydáno: Praha : Český hudební fond, 1956
Fyzický popis: 4 hlasy (10, 11, 11, 12 s.)
Hudebniny Hudebniny
Uloženo v:
LEADER 00743ncm a22002172a 4500
001 001201795
003 CZ BrMZK
005 20121114094515.0
007 qu
008 980105s1956 xr f zxx d
040 |a BOA001  |b cze 
072 7 |a 787  |x Hudba pro strunné a smyčcové nástroje  |2 Konspekt  |9 9 
100 1 |a Hába, Alois,  |d 1893-1973  |7 jk01032899  |4 cmp 
245 1 0 |a 7. smyčcový kvartet (půltónový), op. 73  |h [hudebnina] :  |b hlasy /  |c Alois Hába 
260 |a Praha :  |b Český hudební fond,  |c 1956 
300 |a 4 hlasy (10, 11, 11, 12 s.) 
500 |a Rozmnoženo 
910 |a BOA001  |b Mus4-0372.299 
990 |a MU 
991 |b 201203 
996 6 |b 2619607937  |c Mus4-0372.299  |l MZK  |r Sklad / do 1 hodiny  |n 0  |w 001235371  |u 000010  |a 1  |e BOA001  |j MZK50  |s P